[Event "International Championship of Central S"]
[Site "Paracin"]
[Date "2014.07.08"]
[Round "6.1"]
[White "Atalik, Suat"]
[Black "Rapport, Richard"]
[Result "1/2-1/2"]
[WhiteElo "2550"]
[BlackElo "2701"]
[Annotator "Boban,Milojevic"]
[PlyCount "39"]
[EventDate "2014.??.??"]
[TimeControl "6000+490"]
[WhiteClock "1:06:02"]
[BlackClock "1:03:26"]

1. d4 d6 2. Nf3 g6 3. c4 f5 4. Nc3 Nf6 5. g3 Bg7 6. Bg2 O-O 7. O-O Nc6 8. d5
Ne5 9. Qb3 Nfd7 10. Be3 b6 11. Nb5 Nc5 12. Qc2 Bd7 13. Nxe5 Bxe5 14. f4 Bf6 15.
b4 Ne4 16. Nd4 c5 17. dxc6 Bxd4 18. Bxd4 Bxc6 19. Rfd1 Qe8 20. a4 1/2-1/2

[Event "International Championship of Central S"]
[Site "Paracin"]
[Date "2014.07.08"]
[Round "6.2"]
[White "Damljanovic, Branko"]
[Black "Tomic, Bosko"]
[Result "1-0"]
[WhiteElo "2562"]
[BlackElo "2450"]
[Annotator "Boban,Milojevic"]
[PlyCount "86"]
[EventDate "2014.??.??"]
[TimeControl "6000+1175"]
[WhiteClock "0:00:47"]

1. d4 Nf6 2. c4 g6 3. Nc3 Bg7 4. e4 O-O 5. Nf3 d6 6. Be2 c5 7. d5 e6 8. Nd2 Re8
9. O-O Na6 10. dxe6 Bxe6 11. Nb3 Qb6 12. Bg5 Bd7 13. f3 Nc7 14. a4 Ne6 15. a5
Qc7 16. Be3 Bc6 17. Qd2 Qe7 18. Rae1 Rad8 19. Bd1 Nd7 20. Nd5 Qf8 21. f4 Bxd5
22. cxd5 Nc7 23. Bf2 f5 24. e5 dxe5 25. d6 Ne6 26. Qd5 Nf6 27. Qc4 Nd7 28. Nxc5
Ndxc5 29. Bxc5 e4 30. Ba4 Kh8 31. Ba3 Qf7 32. Bxe8 Qxe8 33. Qd5 Qd7 34. Rc1 h5
35. Rc4 h4 36. g3 h3 37. Rfc1 Kh7 38. b3 Kh6 39. Kf1 Bf6 40. Ke2 Qf7 41. Ke1
Bg7 42. R1c2 Rd7 43. Rc7 Qe8 1-0

[Event "International Championship of Central S"]
[Site "Paracin"]
[Date "2014.07.08"]
[Round "6.3"]
[White "Liou, Yian"]
[Black "Chandra, Akshat"]
[Result "1/2-1/2"]
[WhiteElo "2387"]
[BlackElo "2442"]
[Annotator "Boban,Milojevic"]
[PlyCount "73"]
[EventDate "2014.??.??"]
[TimeControl "6000+870"]
[WhiteClock "0:12:39"]
[BlackClock "0:04:18"]

1. e4 c5 2. Nf3 e6 3. b3 a6 4. Bb2 Nc6 5. g3 d5 6. exd5 exd5 7. Bg2 Qe7+ 8. Qe2
Qxe2+ 9. Kxe2 Bf5 10. Kd1 O-O-O 11. h3 Nb4 12. Na3 d4 13. Re1 Ne7 14. Ne5 Be6
15. d3 Ng6 16. Nac4 Nxe5 17. Rxe5 Kc7 18. a4 Bd6 19. Re1 Bd5 20. Bxd5 Nxd5 21.
Kd2 b6 22. c3 dxc3+ 23. Bxc3 f6 24. Re6 Rd7 25. Kc2 Rhd8 26. Rae1 Kb7 27. Re8
Bc7 28. Rxd8 Rxd8 29. Re6 Kc8 30. Bd2 Kd7 31. Re4 Re8 32. Ne3 Nxe3+ 33. Bxe3
Rxe4 34. dxe4 Kc6 35. Kd3 b5 36. axb5+ axb5 37. f4 1/2-1/2

[Event "International Championship of Central S"]
[Site "Paracin"]
[Date "2014.07.08"]
[Round "6.4"]
[White "Markus, Robert"]
[Black "Zajic, Milan"]
[Result "1-0"]
[WhiteElo "2607"]
[BlackElo "2415"]
[Annotator "Boban,Milojevic"]
[PlyCount "63"]
[EventDate "2014.??.??"]
[TimeControl "6000+1025"]
[WhiteClock "0:03:27"]
[BlackClock "0:03:17"]

1. d4 d5 2. c4 c6 3. Nc3 Nf6 4. e3 Bg4 5. f3 Be6 6. Nge2 dxc4 7. Nf4 Qc8 8. e4
g6 9. a4 Bg7 10. a5 O-O 11. Qa4 Nfd7 12. Be3 Rd8 13. Rd1 b5 14. axb6 Nxb6 15.
Qa3 Na6 16. Nxe6 fxe6 17. g3 Kf7 18. Bh3 Nc7 19. O-O Qa6 20. Qc5 Nd7 21. Qg5
Rac8 22. f4 h6 23. Qh4 Qb6 24. Rd2 Nf6 25. g4 Nb5 26. g5 Ng8 27. f5 Bxd4 28.
fxe6+ Kg7 29. Rxd4 Nxd4 30. gxh6+ Kh8 31. Qf2 Qc5 32. Nd5 1-0

[Event "International Championship of Central S"]
[Site "Paracin"]
[Date "2014.07.08"]
[Round "6.5"]
[White "Nestorovic, Dejan"]
[Black "Lajthajm, Borko"]
[Result "1-0"]
[WhiteElo "2408"]
[BlackElo "2526"]
[Annotator "Boban,Milojevic"]
[PlyCount "109"]
[EventDate "2014.??.??"]
[TimeControl "6000+900"]
[WhiteClock "0:03:00"]
[BlackClock "0:55:24"]

1. d4 d5 2. c4 e6 3. Nc3 Nf6 4. Bg5 Be7 5. e3 c6 6. cxd5 exd5 7. Bd3 Nbd7 8.
Qc2 Nf8 9. Nge2 Ne6 10. Bh4 g6 11. O-O O-O 12. Bxf6 Bxf6 13. b4 a6 14. a4 b6
15. Qb3 Bb7 16. Bb1 Qd6 17. Ba2 Rfd8 18. Rfd1 Qe7 19. Rac1 Rd7 20. b5 axb5 21.
axb5 c5 22. dxc5 Nxc5 23. Qb1 Qe5 24. Nd4 Qh5 25. h3 Ne4 26. Bb3 Ra5 27. Nxe4
dxe4 28. Bc4 Bxd4 29. Rxd4 Rxd4 30. exd4 Bd5 31. Bxd5 Qxd5 32. Rc8+ Kg7 33. Qb4
Rxb5 34. Qf8+ Kf6 35. Rd8 Qf5 36. Rd6+ Kg5 37. Qe7+ Kh6 38. Qf8+ Kg5 39. Qe7+
Kh6 40. Rf6 Qg5 41. Qf8+ Kh5 42. Qxf7 h6 43. Rxg6 Qxg6 44. g4+ Kg5 45. h4+ Kxh4
46. Qxg6 Rg5 47. Qxh6+ Kxg4 48. Qxb6 e3 49. Kf1 exf2 50. Kxf2 Kf4 51. Qe6 Rh5
52. Ke2 Rf5 53. Kd3 Kg5 54. d5 Rf6 55. Qe7 1-0

[Event "International Championship of Central S"]
[Site "Paracin"]
[Date "2014.07.08"]
[Round "6.6"]
[White "Savic, Miodrag R"]
[Black "Obodchuk, Andrei"]
[Result "1/2-1/2"]
[WhiteElo "2522"]
[BlackElo "2374"]
[Annotator "Boban,Milojevic"]
[PlyCount "73"]
[EventDate "2014.??.??"]
[TimeControl "6000+1465"]
[WhiteClock "0:01:03"]
[BlackClock "0:10:09"]

1. e4 c5 2. c3 d5 3. exd5 Qxd5 4. Nf3 Nf6 5. Be2 Nc6 6. O-O e5 7. Na3 e4 8. Ne1
Be7 9. d3 O-O 10. dxe4 Qxe4 11. Bf3 Qf5 12. Nc4 Be6 13. Ne3 Qe5 14. Qc2 Rad8
15. Nd3 Qc7 16. g3 Bd6 17. Bg2 c4 18. Ne1 Ne5 19. Nf3 Nxf3+ 20. Bxf3 Bc5 21.
Bd2 Rd3 22. Rae1 Qd7 23. Bc1 b5 24. Bg2 h5 25. h4 Bh3 26. Qe2 Bxg2 27. Kxg2 Re8
28. Qf3 Ng4 29. Kg1 Bxe3 30. Bxe3 Ne5 31. Qg2 Qf5 32. f3 Re6 33. Kh1 Rd7 34.
Bd4 Nd3 35. Rxe6 Qxe6 36. g4 Nf4 37. Qh2 1/2-1/2

[Event "International Championship of Central S"]
[Site "Paracin"]
[Date "2014.07.08"]
[Round "6.7"]
[White "Tosic, Srecko"]
[Black "Drenchev, Petar"]
[Result "1/2-1/2"]
[WhiteElo "2399"]
[BlackElo "2511"]
[Annotator "Boban,Milojevic"]
[PlyCount "58"]
[EventDate "2014.??.??"]
[TimeControl "6000+1055"]
[WhiteClock "0:28:44"]
[BlackClock "0:41:05"]

1. d4 Nf6 2. Bg5 d5 3. e3 e6 4. Nf3 c5 5. c3 Nc6 6. Nbd2 h6 7. Bh4 Qb6 8. Qb3
Bd7 9. Be2 Bd6 10. Bg3 Bxg3 11. hxg3 O-O 12. O-O Qa5 13. Rfd1 Rab8 14. a3 Rfe8
15. Qa2 c4 16. Ne5 Qc7 17. f4 b5 18. Qb1 a5 19. g4 Nh7 20. Nxf7 b4 21. axb4
axb4 22. Qc2 b3 23. Qg6 Ne7 24. Nxh6+ Kh8 25. Nf7+ Kg8 26. Nh6+ Kh8 27. Nf7+
Kg8 28. Qh5 Nf6 29. Qe5 Qb6 1/2-1/2

[Event "International Championship of Central S"]
[Site "Paracin"]
[Date "2014.07.08"]
[Round "6.8"]
[White "Miedema, David"]
[Black "Blagojevic, Dragisa"]
[Result "0-1"]
[WhiteElo "2362"]
[BlackElo "2505"]
[PlyCount "68"]
[EventDate "2014.??.??"]

1. d4 d5 2. c4 e6 3. Nc3 c6 4. Nf3 Nf6 5. Bg5 Nbd7 6. e3 Qa5 7. cxd5 Nxd5 8.
Qd2 Bb4 9. Rc1 c5 10. e4 N5f6 11. Bxf6 Nxf6 12. Bb5+ Ke7 13. Bd3 cxd4 14. Nxd4
Rd8 15. Nb3 Qb6 16. e5 Ne4 17. Qf4 Bxc3+ 18. bxc3 Qxf2+ 19. Qxf2 Nxf2 20. Kxf2
Rxd3 21. c4 Rd7 22. Ke3 b6 23. Rhd1 Rxd1 24. Rxd1 Bb7 25. c5 Bd5 26. Rc1 bxc5
27. Rxc5 Bxg2 28. Ra5 Kd7 29. Ra6 Bc6 30. a4 Kc7 31. Nd4 Be8 32. a5 Kb7 33. Rd6
Rc8 34. a6+ Kc7 0-1

[Event "International Championship of Central S"]
[Site "Paracin"]
[Date "2014.07.08"]
[Round "6.1"]
[White "Egorov, Evgeny"]
[Black "Pikula, Dejan"]
[Result "1-0"]
[WhiteElo "2358"]
[BlackElo "2491"]
[Annotator "Boban,Milojevic"]
[PlyCount "55"]
[EventDate "2014.??.??"]
[TimeControl "6000+730"]
[WhiteClock "0:15:42"]
[BlackClock "0:05:12"]

1. e4 d6 2. Bc4 Nf6 3. Qe2 d5 4. exd5 Nxd5 5. Nf3 c5 6. Nc3 Nb6 7. Bb3 Nc6 8.
a4 Nd4 9. Nxd4 cxd4 10. a5 dxc3 11. axb6 cxb2 12. Bxb2 Qxb6 13. O-O Bd7 14.
Rfb1 e6 15. Bd5 Qc5 16. Bxb7 Rb8 17. Be4 Qc7 18. h3 Rb6 19. c4 Bc5 20. Bxg7 Rg8
21. Bc3 Qf4 22. Rxb6 Bxb6 23. Qf3 Qd6 24. d4 Bxd4 25. Qd3 e5 26. Rxa7 Bc6 27.
Bxd4 exd4 28. Qf3 1-0

[Event "International Championship of Central S"]
[Site "Paracin"]
[Date "2014.07.08"]
[Round "6.2"]
[White "Vojinovic, Goran"]
[Black "Nakhbayeva, Guliskhan"]
[Result "1/2-1/2"]
[WhiteElo "2460"]
[BlackElo "2300"]
[Annotator "Boban,Milojevic"]
[PlyCount "120"]
[EventDate "2014.??.??"]
[TimeControl "6000+555"]
[WhiteClock "0:16:50"]
[BlackClock "0:12:52"]

1. e4 e6 2. d4 d5 3. Nc3 Nf6 4. exd5 exd5 5. Bd3 c5 6. dxc5 Bxc5 7. Nf3 O-O 8.
O-O Nc6 9. h3 h6 10. Bf4 Be6 11. a3 Re8 12. Qd2 a6 13. Rfe1 d4 14. Ne4 Nxe4 15.
Rxe4 Qf6 16. Rae1 Red8 17. Ne5 Bf5 18. Ng4 Bxg4 19. hxg4 g5 20. Be5 Nxe5 21.
Rxe5 Bf8 22. Bc4 Qc6 23. Qd3 Rd7 24. Bb3 b5 25. Qf5 Raa7 26. Re6 Rd6 27. Re7
Rxe7 28. Rxe7 Rf6 29. Rxf7 Rxf5 30. Rf6+ Kg7 31. Rxc6 Rf6 32. Rc7+ Kg6 33. Bd5
Rd6 34. Be4+ Kf6 35. Kf1 Ke5 36. f3 Rb6 37. b4 Bd6 38. Rc6 Rxc6 39. Bxc6 Bc7
40. Bb7 a5 41. bxa5 Bxa5 42. Ba6 b4 43. a4 d3 44. Bxd3 Kd4 45. Ke2 Bc7 46. Bg6
Ba5 47. Bf7 Bc7 48. Bb3 Bb6 49. Bg8 Ba5 50. Bh7 Bc7 51. Bg6 Ba5 52. g3 Bc7 53.
Kf2 Kc4 54. Bf7+ Kc3 55. Bb3 Kd4 56. Bf7 Kc3 57. Bg6 Kc4 58. Bd3+ Kd4 59. Bh7
Kc4 60. Ke1 Kc5 1/2-1/2

[Event "International Championship of Central S"]
[Site "Paracin"]
[Date "2014.07.08"]
[Round "6.3"]
[White "Abramovic, Bosko"]
[Black "Brankovic, Dejan"]
[Result "1-0"]
[WhiteElo "2443"]
[BlackElo "2344"]
[Annotator "Boban,Milojevic"]
[PlyCount "71"]
[EventDate "2014.??.??"]
[TimeControl "6000+1475"]
[WhiteClock "0:18:50"]
[BlackClock "0:13:49"]

1. Nf3 Nf6 2. g3 g6 3. Bg2 Bg7 4. O-O O-O 5. c4 d6 6. Nc3 Nc6 7. d3 Bd7 8. Rb1
Qc8 9. b4 Bh3 10. b5 Bxg2 11. Kxg2 Nb8 12. e4 Nbd7 13. a4 a6 14. Qc2 Re8 15. h3
h6 16. Bd2 e6 17. Rfe1 c6 18. bxc6 bxc6 19. a5 Qc7 20. Na4 c5 21. Nb6 Ra7 22.
Rb3 Rb8 23. Reb1 Rab7 24. Bc3 Qc6 25. Qb2 Nxb6 26. axb6 Ne8 27. Bxg7 Nxg7 28.
Qd2 Rxb6 29. Rxb6 Rxb6 30. Rxb6 Qxb6 31. Qxh6 Ne8 32. Ng5 Nf6 33. Nxe6 Ne8 34.
Ng5 Qc7 35. Qh7+ Kf8 36. Qh6+ 1-0

[Event "International Championship of Central S"]
[Site "Paracin"]
[Date "2014.07.08"]
[Round "6.4"]
[White "Selbes, Tarik"]
[Black "Nestorovic, Nikola"]
[Result "0-1"]
[WhiteElo "2241"]
[BlackElo "2439"]
[Annotator "Boban,Milojevic"]
[PlyCount "68"]
[EventDate "2014.??.??"]
[TimeControl "6000+545"]
[WhiteClock "1:10:18"]
[BlackClock "0:41:34"]

1. b3 e5 2. Bb2 Nc6 3. e3 Nf6 4. Bb5 d6 5. d4 Bd7 6. Nf3 e4 7. Nfd2 d5 8. a3
Ne7 9. Be2 Ng6 10. c4 c6 11. Nc3 Bd6 12. b4 a6 13. Qb3 Be6 14. a4 O-O 15. Ba3
Nh4 16. g3 dxc4 17. Bxc4 Nf3+ 18. Nxf3 Bxc4 19. Qxc4 exf3 20. Qd3 Qe7 21. O-O
a5 22. e4 axb4 23. e5 bxa3 24. Qxf3 Bb4 25. exf6 Qxf6 26. Qxf6 gxf6 27. Ne4
Rfd8 28. Rfd1 Kg7 29. g4 Rxa4 30. Rd3 Rd5 31. Rf3 Rxd4 32. Nxf6 a2 33. h4 Be7
34. Nh5+ Kf8 0-1

[Event "International Championship of Central S"]
[Site "Paracin"]
[Date "2014.07.08"]
[Round "6.5"]
[White "Kosic, Dragan"]
[Black "Lekic, Lazar"]
[Result "1-0"]
[WhiteElo "2493"]
[BlackElo "2081"]
[Annotator "Boban,Milojevic"]
[PlyCount "75"]
[EventDate "2014.??.??"]
[TimeControl "6000+930"]
[WhiteClock "0:16:27"]
[BlackClock "0:03:09"]

1. d4 Nf6 2. Nf3 e6 3. e3 c5 4. Bd3 b6 5. O-O Bb7 6. c4 d6 7. Nc3 Be7 8. d5
exd5 9. cxd5 O-O 10. e4 Nbd7 11. h3 a6 12. a4 Re8 13. Bf4 Bf8 14. Re1 Ne5 15.
Nxe5 dxe5 16. Bd2 Bd6 17. Qf3 Bc8 18. b3 h6 19. Nb1 Bd7 20. Na3 Qb8 21. Bxh6 b5
22. Nc2 Qc8 23. axb5 axb5 24. Bd2 Rxa1 25. Rxa1 c4 26. bxc4 bxc4 27. Be2 c3 28.
Bg5 Nh7 29. Bc1 f5 30. exf5 e4 31. Qe3 Bxf5 32. Bb5 Bc5 33. Qg3 Rf8 34. Be3
Bxe3 35. Nxe3 Qb7 36. Ba4 Qa6 37. Nxf5 Rxf5 38. Qxc3 1-0

[Event "International Championship of Central S"]
[Site "Paracin"]
[Date "2014.07.08"]
[Round "6.6"]
[White "Pantelic, Sasa"]
[Black "Masic, Predrag"]
[Result "1/2-1/2"]
[WhiteElo "2312"]
[BlackElo "2356"]
[Annotator "Boban,Milojevic"]
[PlyCount "43"]
[EventDate "2014.??.??"]
[TimeControl "6000+1040"]
[WhiteClock "0:44:12"]
[BlackClock "0:50:45"]

1. d4 Nf6 2. c4 e6 3. Nc3 Bb4 4. e3 c5 5. Bd3 d5 6. cxd5 exd5 7. Nf3 Nc6 8.
dxc5 Bxc5 9. O-O O-O 10. a3 Bg4 11. h3 Be6 12. b4 Bd6 13. Nb5 Bb8 14. Bb2 Ne4
15. Nbd4 Nxd4 16. Bxd4 Ng5 17. Nxg5 Qxg5 18. f4 Qh4 19. f5 Bd7 20. Qf3 Qg3 21.
Rac1 a6 22. Qxg3 1/2-1/2

[Event "International Championship of Central S"]
[Site "Paracin"]
[Date "2014.07.08"]
[Round "6.7"]
[White "Andrijevic, Milan"]
[Black "Doric, Nenad"]
[Result "0-1"]
[WhiteElo "2336"]
[BlackElo "2316"]
[Annotator "Boban,Milojevic"]
[PlyCount "86"]
[EventDate "2014.??.??"]
[TimeControl "6000+1640"]
[WhiteClock "0:11:16"]
[BlackClock "0:23:57"]

1. e4 c6 2. d4 d5 3. exd5 cxd5 4. c4 Nf6 5. Nc3 Nc6 6. Nf3 Bg4 7. cxd5 Nxd5 8.
Qb3 Bxf3 9. gxf3 e6 10. Qxb7 Nxd4 11. Bb5+ Nxb5 12. Qc6+ Ke7 13. Qxb5 Qd7 14.
Nxd5+ Qxd5 15. Bg5+ f6 16. Qxd5 exd5 17. Be3 Ke6 18. O-O-O Bb4 19. Kb1 Rhd8 20.
Rd3 a6 21. Rc1 Rac8 22. Rxc8 Rxc8 23. Rb3 Rc4 24. a3 Ba5 25. Rb7 d4 26. Bc1 d3
27. b4 Bc7 28. Ra7 Rc6 29. a4 g5 30. b5 axb5 31. axb5 Rc5 32. Be3 Rxb5+ 33. Kc1
Ba5 34. Bd2 Bxd2+ 35. Kxd2 Rb2+ 36. Kxd3 Rxf2 37. Rxh7 Rxf3+ 38. Ke4 Rf4+ 39.
Ke3 Kf5 40. Ra7 Kg4 41. Ra2 Kh3 42. Rb2 Rf1 43. Ra2 f5 0-1

[Event "International Championship of Central S"]
[Site "Paracin"]
[Date "2014.07.08"]
[Round "6.8"]
[White "Nielsen, Hogni Egilstoft"]
[Black "Mulenko, Alexander"]
[Result "1-0"]
[WhiteElo "2212"]
[BlackElo "2000"]
[Annotator "Boban,Milojevic"]
[PlyCount "80"]
[EventDate "2014.??.??"]
[TimeControl "6000+1090"]
[WhiteClock "0:00:57"]
[BlackClock "0:30:46"]

1. e4 Nf6 2. Nc3 d5 3. exd5 Nxd5 4. d4 Nxc3 5. bxc3 g6 6. Bd3 Bg7 7. Be3 O-O 8.
Qd2 Nd7 9. Bh6 e5 10. Ne2 Re8 11. O-O c5 12. Rae1 e4 13. Bb5 a6 14. Bxd7 Bxd7
15. Bxg7 Kxg7 16. d5 Kg8 17. c4 b5 18. Qf4 f5 19. Nc3 b4 20. Nd1 g5 21. Qd6 Qe7
22. Qh6 Qg7 23. Qb6 Qd4 24. Qd6 Rad8 25. Qh6 Qg7 26. Qxa6 f4 27. Qd6 Qe7 28.
Qxe7 Rxe7 29. c3 Rb8 30. Re2 Bf5 31. Rd2 Bg4 32. d6 Rd7 33. cxb4 Rxb4 34. Nc3
Rxc4 35. Nd5 Kg7 36. Nb6 Rd4 37. Rxd4 cxd4 38. Nxd7 Bxd7 39. Rd1 d3 40. f3 e3
1-0

[Event "International Championship of Central S"]
[Site "Paracin"]
[Date "2014.07.08"]
[Round "6.17"]
[White "Svicevic, Rastko"]
[Black "Kadric, Denis"]
[Result "0-1"]
[WhiteElo "2300"]
[BlackElo "2494"]
[PlyCount "66"]
[EventDate "2014.07.04"]

1. e4 c5 2. a3 Nf6 3. e5 Nd5 4. Nc3 Nxc3 5. dxc3 Nc6 6. Nf3 g6 7. Bf4 Qb6 8. b3
Bg7 9. Qd2 h6 10. h4 e6 11. O-O-O Qc7 12. Qe3 Ne7 13. Kb2 a6 14. Bd3 Nd5 15.
Qe4 b5 16. c4 bxc4 17. Bxc4 Nb6 18. Ka2 Bb7 19. Qe2 a5 20. a4 O-O 21. Rhe1 Rab8
22. Bb5 c4 23. bxc4 Rfc8 24. Rd4 Bc6 25. c5 Bxb5 26. axb5 Qxc5 27. Rb1 Nd5 28.
Bd2 Qxc2+ 29. Rb2 Qc5 30. Ra4 Nb6 31. Ra3 Nc4 32. Rc3 Rxb5 33. Rbc2 Qb4 0-1

[Event "International Championship of Central S"]
[Site "Paracin"]
[Date "2014.07.08"]
[Round "6.18"]
[White "Petrisor, Adrian-Marian"]
[Black "Vojinovic, Jovana"]
[Result "1-0"]
[WhiteElo "2441"]
[BlackElo "2297"]
[PlyCount "89"]
[EventDate "2014.07.04"]

1. d4 d6 2. e4 Nf6 3. Nc3 e5 4. Nf3 exd4 5. Qxd4 Be7 6. Bg5 O-O 7. h3 a6 8. Be2
b5 9. a3 h6 10. Bf4 Re8 11. O-O Nc6 12. Qd2 Bb7 13. Rfe1 Nd7 14. a4 b4 15. Nd5
a5 16. Bb5 Bf6 17. c3 bxc3 18. bxc3 Nc5 19. Qc2 Ne6 20. Bg3 Rf8 21. Rad1 Ra7
22. Qe2 h5 23. Qe3 Ra8 24. e5 dxe5 25. Nb6 Ncd4 26. Nxe5 cxb6 27. cxd4 Qd5 28.
f3 Bxe5 29. dxe5 Qc5 30. Bf2 Rfd8 31. Qb3 Qc7 32. Rc1 Nc5 33. Qc4 Bd5 34. Qh4
g6 35. Qf6 Rdc8 36. e6 fxe6 37. Qxg6+ Qg7 38. Qxh5 Nb3 39. Rcd1 Rd8 40. Kh2
Rac8 41. Re5 Kf8 42. Bh4 Rd7 43. Bxd7 Qxd7 44. Qh8+ Kf7 45. Qh7+ 1-0

[Event "International Championship of Central S"]
[Site "Paracin"]
[Date "2014.07.08"]
[Round "6.19"]
[White "Strebkovs, Andrejs"]
[Black "Livaja, Mario"]
[Result "0-1"]
[WhiteElo "2357"]
[BlackElo "2244"]
[PlyCount "170"]
[EventDate "2014.07.04"]

1. Nf3 Nf6 2. d4 c5 3. c3 d5 4. Bg5 Qb6 5. Qb3 c4 6. Qc2 Nc6 7. Nbd2 Bg4 8. e3
e6 9. Be2 Bf5 10. Qc1 Bd6 11. O-O h6 12. Bh4 a5 13. Bg3 Be7 14. Bd1 Bd3 15. Re1
Ne4 16. Bc2 Rc8 17. Bxd3 cxd3 18. Qb1 O-O 19. Rd1 a4 20. a3 Na5 21. Qxd3 Nxd2
22. Rxd2 Nb3 23. Re1 Nxd2 24. Qxd2 Rfd8 25. Ne5 Qb5 26. f4 Bd6 27. Nd3 Qd7 28.
Bh4 Re8 29. Rf1 f6 30. Bg3 Qf7 31. Qc2 b5 32. Qe2 Rc4 33. Ne1 Qd7 34. Nf3 f5
35. Nd2 Rc7 36. Nf3 Rec8 37. Be1 Qc6 38. Rf2 Qc4 39. Qd1 g6 40. Qb1 Rg7 41. Nd2
Qc6 42. Nf3 g5 43. Bd2 Qc4 44. Qd1 Kf7 45. fxg5 hxg5 46. e4 dxe4 47. Nxg5+ Ke7
48. Qh5 Rcg8 49. Nh7 Rg6 50. Qh4+ Kf7 51. Ng5+ Ke8 52. Qh5 Be7 53. h4 Bxg5 54.
Bxg5 Kd7 55. d5 e3 56. Bxe3 Qxd5 57. Bg5 Kc8 58. Qh7 R6g7 59. Qh6 Rg6 60. Qh7
Qb7 61. Qh5 R6g7 62. Qe2 Qc6 63. Qe5 Rd7 64. Bf4 Kb7 65. Kh2 Qd5 66. Qf6 Rdg7
67. Bg5 Rd7 68. Rd2 Qc6 69. Rf2 Re8 70. Qg6 Rd5 71. Qf7+ Qd7 72. Qg6 Qd6+ 73.
Bf4 Qd7 74. Bg5 Rf8 75. Bh6 Qf7 76. Qg3 Rg8 77. Qe3 Rg4 78. Bg5 Qc7+ 79. g3 Qd6
80. Rg2 Rd3 81. Qf2 Re4 82. Qf1 Qd5 83. Qf2 Rd1 84. Qf3 Rh1+ 85. Kxh1 Re1+ 0-1

[Event "International Championship of Central S"]
[Site "Paracin"]
[Date "2014.07.08"]
[Round "6.20"]
[White "Milenkovic, Mladen"]
[Black "Nielsen, Rogvi Egilstoft"]
[Result "1-0"]
[WhiteElo "2344"]
[BlackElo "2288"]
[PlyCount "143"]
[EventDate "2014.07.04"]

1. e4 e5 2. Nf3 Nc6 3. Bc4 Nf6 4. Ng5 d5 5. exd5 Na5 6. Bb5+ c6 7. dxc6 bxc6 8.
Bd3 h6 9. Ne4 Nd5 10. O-O Be7 11. Re1 O-O 12. Nec3 Bc5 13. Bf1 Nf6 14. h3 Qd6
15. d3 Bb6 16. Nd2 c5 17. Nc4 Nxc4 18. dxc4 Qe6 19. Qf3 Rb8 20. Nd5 Bd8 21. Qc3
Nxd5 22. cxd5 Qxd5 23. Rxe5 Qd6 24. Qxc5 Qf6 25. Qc3 Bf5 26. Be3 Qg6 27. Bd3
Bxd3 28. Qxd3 Qxd3 29. cxd3 Rxb2 30. Rd5 Bb6 31. d4 Rc8 32. a4 a5 33. Rd1 Rc4
34. Re5 f6 35. Re6 Rxa4 36. d5 Bxe3 37. Rxe3 Rb7 38. Rc3 Rab4 39. Kh2 Rd7 40.
Rc5 a4 41. Ra5 Kf7 42. g4 Rc4 43. f3 Rb4 44. Kg3 Rc4 45. h4 f5 46. gxf5 Kf6 47.
d6 Rb4 48. Rdd5 Rc4 49. Ra6 Rb4 50. Ra8 g6 51. fxg6 Kxg6 52. Rc8 Rbb7 53. Ra8
Rb4 54. f4 Kf6 55. h5 Rb3+ 56. Kh4 Rb4 57. Kg4 Rg7+ 58. Kf3 Ke6 59. Re5+ Kxd6
60. Ra6+ Kc7 61. Ra7+ Rb7 62. Rxa4 Kd7 63. Rd4+ Kc6 64. Re6+ Kc5 65. Ke4 Rge7
66. Rd5+ Kc4 67. Rde5 Rh7 68. Rc6+ Kb4 69. Ree6 Kb5 70. Ke5 Rbd7 71. Rb6+ Kc5
72. Rec6# 1-0

[Event "International Championship of Central S"]
[Site "Paracin"]
[Date "2014.07.08"]
[Round "6.21"]
[White "Ratkovic, Milovan"]
[Black "Ardeleanu, Alin"]
[Result "1-0"]
[WhiteElo "2295"]
[BlackElo "2338"]
[PlyCount "87"]
[EventDate "2014.07.04"]

1. d4 Nf6 2. c4 e6 3. Nc3 c5 4. d5 exd5 5. cxd5 Bd6 6. Nf3 Bc7 7. d6 Ba5 8. e3
O-O 9. Bd3 Bxc3+ 10. bxc3 Re8 11. O-O b6 12. e4 Nc6 13. Re1 h6 14. e5 Nh7 15.
Qa4 Nf8 16. Qg4 Re6 17. Bf5 Qe8 18. Bxe6 Qxe6 19. Qxe6 Nxe6 20. Nh4 Bb7 21. f4
Re8 22. f5 Nf8 23. Bf4 Na5 24. Nf3 Nc4 25. Nd2 Nxd2 26. Bxd2 Bd5 27. a4 Bc4 28.
Kf2 Kh7 29. g4 Kg8 30. Kg3 Nh7 31. h4 Nf8 32. Kf4 Rc8 33. Be3 Rc6 34. Bf2 Rc8
35. h5 f6 36. exf6 gxf6 37. Bh4 Kg7 38. Re7+ Bf7 39. Rae1 Rc6 40. Rxf7+ Kxf7
41. Re7+ Kg8 42. Bxf6 Rxd6 43. Be5 Rd5 44. Ke4 1-0

[Event "International Championship of Central S"]
[Site "Paracin"]
[Date "2014.07.08"]
[Round "6.22"]
[White "Dimic, Pavle"]
[Black "Carnic, Srdjan"]
[Result "1/2-1/2"]
[WhiteElo "2261"]
[BlackElo "2324"]
[PlyCount "40"]
[EventDate "2014.07.04"]

1. d4 Nf6 2. c4 e6 3. Nc3 Bb4 4. e3 O-O 5. Nge2 d5 6. a3 Bd6 7. Ng3 c6 8. Be2
Nbd7 9. cxd5 exd5 10. b4 Re8 11. O-O a6 12. Rb1 Nf8 13. a4 Ng6 14. b5 axb5 15.
axb5 c5 16. dxc5 Bxc5 17. Na4 Bd6 18. Bb2 Be6 19. Bd4 Ne4 20. Ra1 Nh4 1/2-1/2

[Event "International Championship of Central S"]
[Site "Paracin"]
[Date "2014.07.08"]
[Round "6.23"]
[White "Popovic, Aleksandar M"]
[Black "Ketzetzis, Georgios"]
[Result "0-1"]
[WhiteElo "2323"]
[BlackElo "2225"]
[PlyCount "92"]
[EventDate "2014.07.04"]

1. g3 e5 2. Bg2 Nf6 3. d3 d5 4. Nf3 Bd6 5. O-O O-O 6. c4 d4 7. Bg5 Nc6 8. e4
dxe3 9. fxe3 h6 10. Bxf6 Qxf6 11. Nc3 Bc5 12. Qe2 Be6 13. Ne4 Qe7 14. Nh4 Kh7
15. Nf5 Bxf5 16. Rxf5 f6 17. Raf1 Rad8 18. g4 Kg8 19. h4 Bb6 20. a3 a5 21. Bh3
Qd7 22. c5 Qxd3 23. Qf3 Ne7 24. cxb6 Nxf5 25. gxf5 cxb6 26. Rc1 Kh8 27. Bf1 Qb3
28. Qf2 Rc8 29. Nc3 b5 30. Re1 b4 31. axb4 Qxb4 32. Ra1 Rfd8 33. Ra4 Qc5 34.
Rc4 Qd6 35. e4 Rxc4 36. Bxc4 Rc8 37. Be6 Rc7 38. Qe2 Rc5 39. Kg2 Qd8 40. Kh3 a4
41. Nxa4 Rc1 42. Bd5 Qa5 43. Nc3 Qa1 44. Kg3 Rg1+ 45. Kf3 Qc1 46. Kf2 Rh1 0-1

[Event "International Championship of Central S"]
[Site "Paracin"]
[Date "2014.07.08"]
[Round "6.24"]
[White "Dauletova, Gulmira"]
[Black "Vucinic, Gojko"]
[Result "0-1"]
[WhiteElo "2252"]
[BlackElo "2313"]
[PlyCount "138"]
[EventDate "2014.07.04"]

1. e4 c5 2. Nf3 g6 3. d4 cxd4 4. Qxd4 Nf6 5. e5 Nc6 6. Qa4 Nd5 7. Qe4 Nc7 8.
Nc3 Bg7 9. h4 d5 10. exd6 Qxd6 11. Bf4 e5 12. Rd1 Qe7 13. Bg5 f6 14. Be3 Bf5
15. Qa4 Qb4 16. Bb5 Nxb5 17. Qxb5 a6 18. Qb6 Qxb6 19. Bxb6 Bxc2 20. Rd2 Bf5 21.
O-O O-O 22. Rd6 Rf7 23. Nd5 Re8 24. Nd2 Re6 25. Nc4 Bf8 26. Rxe6 Bxe6 27. Rd1
Nb4 28. Nxb4 Bxc4 29. Rd8 Kg7 30. a3 f5 31. Nd5 Bxd5 32. Rxd5 Kf6 33. Rd8 Ke6
34. g3 Bh6 35. Ba5 Rd7 36. Re8+ Kd5 37. Bc3 e4 38. h5 Bg7 39. Bxg7 Rxg7 40. h6
Rf7 41. Rg8 Ke6 42. Kf1 Kf6 43. Ke2 g5 44. Ke3 Rd7 45. Ke2 Rd3 46. b4 Rxa3 47.
Rg7 b5 48. Rxh7 Kg6 49. Rh8 Ra4 50. h7 Rxb4 51. Rg8+ Kxh7 52. Rxg5 a5 53. Rxf5
a4 54. Rf7+ Kg6 55. Ra7 Rb3 56. Kf1 a3 57. Kg2 b4 58. Kh3 Rb2 59. Ra6+ Kf7 60.
Ra7+ Ke6 61. Ra6+ Ke5 62. Ra5+ Kd4 63. g4 Rxf2 64. g5 Kc3 65. g6 Rf8 66. Kg4
Rg8 67. Ra6 Rxg6+ 68. Rxg6 a2 69. Ra6 Kb2 0-1